NLSUI OPAC header image

Self-determination in the post-9/11 era (Record no. 32595)

MARC details
000 -LEADER
fixed length control field 00944nam a2200217Ia 4500
003 - CONTROL NUMBER IDENTIFIER
control field OSt
005 - DATE AND TIME OF LATEST TRANSACTION
control field 20210531214459.0
008 - FIXED-LENGTH DATA ELEMENTS--GENERAL INFORMATION
fixed length control field 160316s2011 xxu||||| |||| 00| 0 eng d
020 ## - INTERNATIONAL STANDARD BOOK NUMBER
International Standard Book Number 9780415550048
040 ## - CATALOGING SOURCE
Transcribing agency n
082 ## - DEWEY DECIMAL CLASSIFICATION NUMBER
Classification number 341.600000
Item number CHA
100 ## - MAIN ENTRY--PERSONAL NAME
Personal name Chadwick Elizabeth
245 ## - TITLE STATEMENT
Title Self-determination in the post-9/11 era
260 ## - PUBLICATION, DISTRIBUTION, ETC.
Place of publication, distribution, etc. London
Name of publisher, distributor, etc. Routledge
Date of publication, distribution, etc. 2011
300 ## - PHYSICAL DESCRIPTION
Extent 160p
Dimensions xv
365 ## - TRADE PRICE
Price amount Rs. 7,922
505 ## - FORMATTED CONTENTS NOTE
Formatted contents note Table of contents<br/>1. Introduction;<br/>2. Perspectives on Self-Determination in the Post-9/11 Era;<br/>3. The Role of Laws of Warfare;<br/>4. 'Peace' is 'War;<br/>5. The Growth in Linkage between Self-Determination and Terrorism: International and Regional Instruments;<br/>6. Post-9/11 Statutes and Case Law of the Security Council Permanent Members;<br/>7. Conclusions and Final Remarks
650 ## - SUBJECT ADDED ENTRY--TOPICAL TERM
Topical term or geographic name entry element 1. Self-Determination - National2. Terrorism - Prevention - Law & Legislation
700 ## - ADDED ENTRY--PERSONAL NAME
Personal name
--
942 ## - ADDED ENTRY ELEMENTS (KOHA)
Source of classification or shelving scheme Dewey Decimal Classification
Koha item type BOOKs
Holdings
Withdrawn status Lost status Damaged status Not for loan Home library Current library Shelving location Date acquired Cost, normal purchase price Total Checkouts Full call number Barcode Date last seen Price effective from Koha item type
        NLS NLS   30/05/2017 7922.00   341.6 CHA 29534 30/05/2017 30/05/2017 BOOKs